| 000 | 00659nam a2200277Ia 4500 | ||
|---|---|---|---|
| 001 | Z_4283 | ||
| 003 | CHAP | ||
| 008 | 220113s1971 xx 000 0 und d | ||
| 010 | _a167348 | ||
| 040 | _cCHAP | ||
| 082 | _a574.192 M3y | ||
| 100 |
_aMahler, Henry R _969880 |
||
| 245 |
_aQuímica biológica / _cpor Henry R Mahler y Eugene H. Cordes |
||
| 260 |
_aMéxixco, D. F. : _bOmega, _c1971 |
||
| 300 | _a893 p. ; ilus. | ||
| 440 | _a | ||
| 500 | _aTrad. De Biological chemistry | ||
| 503 | _a103211 | ||
| 650 |
_aBioquímica _912849 |
||
| 901 | _a574.192 M3y | ||
| 902 | _aA | ||
| 910 | _a1971 | ||
| 942 | _c1 | ||
| 942 | _cc1 | ||
| 999 |
_c167348 _d167348 |
||